Loading...
| Fine Arts - Auditory | 0 | 7 | 1 | 2 | 65 | 109 | 124.86 | 2 | 5 | 0.00 | 0.00 |
| Literature - British | 0 | 5 | 0 | 2 | 50 | 108 | 127.80 | 1 | 4 | 0.00 | 0.00 |
| Literature - American | 0 | 5 | 1 | 2 | 45 | 114 | 139.80 | 1 | 5 | 0.00 | 0.00 |
| Fine Arts - Visual | 0 | 3 | 0 | 1 | 30 | 95 | 116.67 | 0 | 0 | 0.00 | 0.00 |
| Literature - European | 0 | 3 | 1 | 1 | 25 | 127 | 138.67 | 0 | 1 | 0.00 | 0.00 |
| Fine Arts - Other | 0 | 2 | 0 | 0 | 20 | 99 | 108.50 | 0 | 2 | 0.00 | 0.00 |
| Geography | 0 | 1 | 0 | 0 | 10 | 87 | 87.00 | 0 | 1 | 0.00 | 0.00 |
| Social Science | 0 | 1 | 0 | 0 | 10 | 93 | 93.00 | 0 | 1 | 0.00 | 0.00 |
| History - American | 0 | 1 | 0 | 0 | 10 | 104 | 104.00 | 1 | 1 | 0.00 | 0.00 |
| Mythology | 0 | 1 | 0 | 1 | 10 | 147 | 147.00 | 0 | 0 | 0.00 | 0.00 |
| Other Academic | 0 | 1 | 0 | 1 | 10 | 91 | 91.00 | 0 | 1 | 0.00 | 0.00 |
| Philosophy | 0 | 1 | 0 | 1 | 10 | 137 | 137.00 | 0 | 1 | 0.00 | 0.00 |
| Religion | 0 | 1 | 0 | 0 | 10 | 141 | 141.00 | 0 | 0 | 0.00 | 0.00 |
| Science - Other | 0 | 1 | 0 | 0 | 10 | 105 | 105.00 | 1 | 1 | 0.00 | 0.00 |
| Literature - World | 0 | 1 | 1 | 0 | 5 | 139 | 139.00 | 0 | 1 | 0.00 | 0.00 |